| Tag |
First Indicator |
Second Indicator |
Subfields |
| LEADER |
00000cam a2200000 a 4500 |
| 001 |
in00001493349 |
| 005 |
20151021073032.0 |
| 008 |
880112s1986 pl af b 000 0 pol |
| 010 |
|
|
|a 88102279
|
| 020 |
|
|
|a 830401615X
|
| 035 |
|
|
|a (OCoLC)21903090
|
| 035 |
|
|
|9 AJH4961AM
|
| 040 |
|
|
|a DLC
|c DLC
|d TXA
|d UtOrBLW
|
| 041 |
0 |
|
|a pol
|b eng
|
| 043 |
|
|
|a e-pl---
|
| 049 |
|
|
|a TXAM
|
| 050 |
0 |
0 |
|a DK4090
|b .S78 1986
|
| 245 |
0 |
0 |
|a Studia nad kulturą materialną wieków od XIV do XVI /
|c pod redakcją Tadeusza Poklewskiego.
|
| 264 |
|
1 |
|a Wrocław :
|b Zakład Narodowy im. Ossolińskich,
|c 1986.
|
| 300 |
|
|
|a 107 pages, 1 unnumbered folded leaf of plates :
|b illustrations ;
|c 24 cm.
|
| 336 |
|
|
|a text
|b txt
|2 rdacontent
|
| 337 |
|
|
|a unmediated
|b n
|2 rdamedia
|
| 338 |
|
|
|a volume
|b nc
|2 rdacarrier
|
| 490 |
1 |
|
|a Acta archaeologica Lodziensia,
|x 0065-0986 ;
|v nr. 32
|
| 500 |
|
|
|a At head of title: Łódzkie Towarzystwo Naukowe, Wydział II-Nauk Historycznych i Społecznych.
|
| 500 |
|
|
|a Summaries in English.
|
| 504 |
|
|
|a Includes bibliographical references.
|
| 651 |
|
0 |
|a Poland
|x Antiquities.
|
| 650 |
|
0 |
|a Material culture
|z Poland.
|
| 700 |
1 |
|
|a Poklewski-Koziełł, Tadeusz.
|
| 710 |
2 |
|
|a Łódzkie Towarzystwo Naukowe.
|b Wydział II--Nauk Historycznych i Społecznych.
|
| 830 |
|
0 |
|a Acta archaeologica Lodziensia.
|x 0065-0986 ;
|v nr. 32.
|
| 999 |
|
|
|a MARS
|
| 999 |
f |
f |
|s 09f65658-707a-31a9-bad7-a42d53720bf5
|i 9f68ea37-bf8c-38e0-9737-b7485a54a687
|t 0
|
| 952 |
f |
f |
|p ric
|a Texas A&M University
|b Rellis Campus
|c Joint Library Facility
|d Remote Storage
|t 0
|e DK4090 .S78 1986
|h Library of Congress classification
|i unmediated -- volume
|m A14824208960
|
| 998 |
f |
f |
|a DK4090 .S78 1986
|t 0
|l Remote Storage
|